000
00492nam a2200181Ia 4500
008
090124s9999 xx 000 0 und d
082
_b
124546
100
_a
मंगेशकर गीता
245
_a
जीवनचक्र
250
_a
1
260
_c
1986
300
_a
254
600
_a
मंगेशकर गीता
630
_a
जीवनचक्र
700
_a
मंगेशकर गीता
730
_a
जीवनचक्र
942
_c
BOOK
999
_c
170633
_d
170633